[Event "DVM U20w 2017"]
[Site "Düsseldorf GER"]
[Date "2017.12.30"]
[Round "7"]
[White "Kluge, Leyla"]
[Black "Halas, Lena"]
[Result "1-0"]
[Termination "normal"]
[Board "1.2"]
[WhiteElo "1600"]
[BlackElo "1786"]
[WhiteClock "00:05:11"]
[BlackClock "00:02:14"]
[WhiteTeam "USG Chemnitz"]
[BlackTeam "SG Leipzig"]
[PlyCount "83"]
[WhiteFideId "12918172"]
[BlackFideId "12931799"]
[EventCountry "GER"]
[EventRounds "7"]
[EventType "team-round robin"]
[EventDate "2017.12.26"]

1. c4 {[%clk 1:30:59]} e5 {[%clk 1:30:51]} 2. Nc3 {[%clk 1:31:25]} Nf6 {[%clk
1:31:10]} 3. g3 {[%clk 1:31:51]} Bb4 {[%clk 1:31:34]} 4. Bg2 {[%clk 1:32:05]}
O-O {[%clk 1:31:28]} 5. a3 {[%clk 1:32:20]} Bxc3 {[%clk 1:30:59]} 6. bxc3
{[%clk 1:32:47]} c6 {[%clk 1:29:31]} 7. Qc2 {[%clk 1:32:58]} d5 {[%clk
1:27:51]} 8. cxd5 {[%clk 1:33:21]} Nxd5 {[%clk 1:26:01]} 9. Nf3 {[%clk
1:33:17]} Re8 {[%clk 1:21:42]} 10. O-O {[%clk 1:32:24]} Nd7 {[%clk 1:17:46]}
11. Bb2 {[%clk 1:32:13]} e4 {[%clk 1:15:45]} 12. Nd4 {[%clk 1:32:11]} N7f6
{[%clk 1:12:11]} 13. Rac1 {[%clk 1:30:20]} Bg4 {[%clk 0:46:33]} 14. Rfe1 {[%clk
1:25:12]} Qd7 {[%clk 0:44:51]} 15. c4 {[%clk 1:17:16]} Nc7 {[%clk 0:39:42]} 16.
Nb3 {[%clk 1:16:57]} Rad8 {[%clk 0:31:44]} 17. Bxf6 {[%clk 1:13:14]} gxf6
{[%clk 0:32:09]} 18. Bxe4 {[%clk 1:13:23]} f5 {[%clk 0:31:26]} 19. Bd3 {[%clk
1:13:45]} b6 {[%clk 0:26:51]} 20. Kg2 {[%clk 1:04:16]} f4 {[%clk 0:14:33]} 21.
Bxh7+ {[%clk 0:59:28]} Kg7 {[%clk 0:13:27]} 22. Be4 {[%clk 0:53:24]} Bh3+
{[%clk 0:12:01]} 23. Kg1 {[%clk 0:50:49]} Rh8 {[%clk 0:09:10]} 24. Qc3+ {[%clk
0:47:48]} f6 {[%clk 0:09:39]} 25. Qf3 {[%clk 0:43:48]} f5 {[%clk 0:08:25]} 26.
Bxc6 {[%clk 0:42:14]} Qd6 {[%clk 0:08:46]} 27. Rc3 {[%clk 0:19:22]} Bg4 {[%clk
0:08:05]} 28. Qg2 {[%clk 0:16:18]} Bh3 {[%clk 0:08:06]} 29. Qh1 {[%clk
0:16:19]} Qg6 {[%clk 0:06:26]} 30. Bg2 {[%clk 0:14:00]} fxg3 {[%clk 0:06:25]}
31. Rxg3 {[%clk 0:11:29]} Bg4 {[%clk 0:06:02]} 32. f3 {[%clk 0:09:12]} Rxh2
{[%clk 0:04:26]} 33. Qxh2 {[%clk 0:09:26]} Rh8 {[%clk 0:04:52]} 34. Bh3 {[%clk
0:03:29]} Rxh3 {[%clk 0:03:00]} 35. Qxh3 {[%clk 0:03:41]} Bxh3 {[%clk 0:03:20]}
36. Rxg6+ {[%clk 0:04:08]} Kxg6 {[%clk 0:03:47]} 37. Kh2 {[%clk 0:04:33]} Bg4
{[%clk 0:02:36]} 38. fxg4 {[%clk 0:04:58]} fxg4 {[%clk 0:03:03]} 39. Nd4 {[%clk
0:04:38]} Ne8 {[%clk 0:02:49]} 40. Rf1 {[%clk 0:04:34]} Nd6 {[%clk 0:02:38]}
41. d3 {[%clk 0:04:53]} Kg5 {[%clk 0:02:14]} 42. Kg3 {[%clk 0:05:11]} 1-0

[Event "DVM U20w 2017"]
[Site "Düsseldorf GER"]
[Date "2017.12.30"]
[Round "7"]
[White "Hartewig, Anja"]
[Black "Wienhold, Nadine"]
[Result "1/2-1/2"]
[Termination "normal"]
[Board "1.3"]
[WhiteElo "1779"]
[BlackElo "1422"]
[WhiteClock "00:05:09"]
[BlackClock "00:32:44"]
[WhiteTeam "SG Leipzig"]
[BlackTeam "USG Chemnitz"]
[PlyCount "83"]
[WhiteFideId "12917966"]
[BlackFideId "12964514"]
[EventCountry "GER"]
[EventRounds "7"]
[EventType "team-round robin"]
[EventDate "2017.12.26"]

1. d4 {[%clk 1:30:58]} d5 {[%clk 1:30:54]} 2. c4 {[%clk 1:31:22]} c6 {[%clk
1:30:55]} 3. Nf3 {[%clk 1:31:30]} g6 {[%clk 1:29:03]} 4. g3 {[%clk 1:29:53]}
Bg7 {[%clk 1:29:09]} 5. Bg2 {[%clk 1:27:01]} Nf6 {[%clk 1:28:46]} 6. O-O {[%clk
1:26:21]} O-O {[%clk 1:29:05]} 7. Nbd2 {[%clk 1:23:12]} Re8 {[%clk 1:24:19]} 8.
b3 {[%clk 1:19:14]} Bf5 {[%clk 1:22:38]} 9. Bb2 {[%clk 1:17:20]} Nbd7 {[%clk
1:22:11]} 10. h3 {[%clk 1:15:24]} Ne4 {[%clk 1:19:24]} 11. cxd5 {[%clk
1:08:32]} cxd5 {[%clk 1:19:20]} 12. Nh4 {[%clk 1:06:40]} Nxd2 {[%clk 1:19:12]}
13. Qxd2 {[%clk 1:06:31]} Be6 {[%clk 1:19:04]} 14. Rac1 {[%clk 1:05:14]} Nf6
{[%clk 1:18:24]} 15. Qf4 {[%clk 1:01:23]} Bd7 {[%clk 1:15:28]} 16. Nf3 {[%clk
0:56:47]} Bb5 {[%clk 1:11:06]} 17. Rfe1 {[%clk 0:52:35]} Qb8 {[%clk 1:02:13]}
18. Ne5 {[%clk 0:50:11]} Rd8 {[%clk 0:58:19]} 19. Rc5 {[%clk 0:47:56]} Be8
{[%clk 0:57:41]} 20. Rec1 {[%clk 0:43:44]} Qd6 {[%clk 0:55:44]} 21. Rc7 {[%clk
0:40:56]} Rab8 {[%clk 0:54:32]} 22. Qd2 {[%clk 0:37:46]} Nd7 {[%clk 0:51:28]}
23. Nxd7 {[%clk 0:35:06]} Bxd7 {[%clk 0:50:44]} 24. Qa5 {[%clk 0:34:25]} Qe6
{[%clk 0:45:30]} 25. Qxd5 {[%clk 0:28:21]} Qxe2 {[%clk 0:44:24]} 26. Rxd7
{[%clk 0:26:35]} Rxd7 {[%clk 0:44:28]} 27. Qxd7 {[%clk 0:26:49]} Qxb2 {[%clk
0:44:22]} 28. Rc8+ {[%clk 0:25:28]} Rxc8 {[%clk 0:44:43]} 29. Qxc8+ {[%clk
0:25:54]} Bf8 {[%clk 0:45:08]} 30. Qxb7 {[%clk 0:26:04]} Qxa2 {[%clk 0:44:28]}
31. d5 {[%clk 0:24:46]} a5 {[%clk 0:42:54]} 32. Bf1 {[%clk 0:20:56]} a4 {[%clk
0:39:55]} 33. bxa4 {[%clk 0:19:31]} Qxa4 {[%clk 0:40:16]} 34. Qc6 {[%clk
0:17:27]} Qd1 {[%clk 0:38:17]} 35. Kg2 {[%clk 0:15:47]} Qd4 {[%clk 0:37:14]}
36. Be2 {[%clk 0:11:26]} Qe4+ {[%clk 0:35:26]} 37. Bf3 {[%clk 0:11:09]} Qe5
{[%clk 0:35:38]} 38. Qd7 {[%clk 0:09:02]} Qf6 {[%clk 0:33:15]} 39. Qd8 {[%clk
0:06:49]} Qe5 {[%clk 0:32:39]} 40. Qd7 {[%clk 0:05:38]} Qf6 {[%clk 0:33:00]}
41. Qd8 {[%clk 0:05:09]} Qe5 {[%clk 0:32:44]} 42. Qd7 1/2-1/2

[Event "DVM U20w 2017"]
[Site "Düsseldorf GER"]
[Date "2017.12.30"]
[Round "7"]
[White "Fuchs, Joline"]
[Black "Oswald, Lena"]
[Result "1/2-1/2"]
[Termination "normal"]
[Board "1.4"]
[WhiteElo "1393"]
[BlackElo "1670"]
[WhiteClock "00:24:33"]
[BlackClock "00:16:36"]
[WhiteTeam "USG Chemnitz"]
[BlackTeam "SG Leipzig"]
[PlyCount "85"]
[WhiteFideId "12964506"]
[BlackFideId "12983314"]
[EventCountry "GER"]
[EventRounds "7"]
[EventType "team-round robin"]
[EventDate "2017.12.26"]

1. c4 {[%clk 1:30:57]} e5 {[%clk 1:28:53]} 2. Nc3 {[%clk 1:29:29]} Nf6 {[%clk
1:28:36]} 3. d3 {[%clk 1:24:55]} d5 {[%clk 1:23:31]} 4. g3 {[%clk 1:16:18]} d4
{[%clk 1:14:28]} 5. Nb1 {[%clk 1:15:47]} c6 {[%clk 1:09:47]} 6. Bg2 {[%clk
1:13:09]} Nbd7 {[%clk 1:03:24]} 7. Nf3 {[%clk 1:07:52]} Bd6 {[%clk 1:01:06]} 8.
Nbd2 {[%clk 1:05:14]} h6 {[%clk 0:58:51]} 9. O-O {[%clk 0:59:37]} O-O {[%clk
0:59:15]} 10. a3 {[%clk 0:50:25]} a5 {[%clk 0:56:50]} 11. Re1 {[%clk 0:48:25]}
Re8 {[%clk 0:55:31]} 12. Nb3 {[%clk 0:42:49]} Qb6 {[%clk 0:48:12]} 13. e3
{[%clk 0:39:22]} a4 {[%clk 0:46:44]} 14. Nbd2 {[%clk 0:37:36]} dxe3 {[%clk
0:44:57]} 15. Rxe3 {[%clk 0:33:35]} Ng4 {[%clk 0:40:24]} 16. Re2 {[%clk
0:33:40]} Nc5 {[%clk 0:37:24]} 17. Ne4 {[%clk 0:21:02]} Nxe4 {[%clk 0:34:50]}
18. dxe4 {[%clk 0:21:24]} Bc5 {[%clk 0:30:49]} 19. Qe1 {[%clk 0:17:42]} Bd7
{[%clk 0:24:11]} 20. h3 {[%clk 0:14:30]} Nf6 {[%clk 0:24:31]} 21. Be3 {[%clk
0:13:31]} Rad8 {[%clk 0:24:06]} 22. Rb1 {[%clk 0:11:57]} Bc8 {[%clk 0:19:12]}
23. Bxc5 {[%clk 0:11:42]} Qxc5 {[%clk 0:19:35]} 24. Qc3 {[%clk 0:10:36]} Rd6
{[%clk 0:16:17]} 25. Rbe1 {[%clk 0:08:59]} Nd7 {[%clk 0:16:05]} 26. Rd2 {[%clk
0:07:55]} Rxd2 {[%clk 0:15:31]} 27. Nxd2 {[%clk 0:08:23]} Nb6 {[%clk 0:15:23]}
28. h4 {[%clk 0:06:34]} Be6 {[%clk 0:15:04]} 29. Bf1 {[%clk 0:06:43]} f6 {[%clk
0:15:16]} 30. Rd1 {[%clk 0:06:53]} Kf7 {[%clk 0:14:43]} 31. Be2 {[%clk
0:07:11]} Rd8 {[%clk 0:13:44]} 32. Rc1 {[%clk 0:07:21]} Rd4 {[%clk 0:13:27]}
33. Bd3 {[%clk 0:07:28]} Nc8 {[%clk 0:08:44]} 34. Nf1 {[%clk 0:07:44]} Bh3
{[%clk 0:06:15]} 35. Ne3 {[%clk 0:07:39]} Be6 {[%clk 0:05:12]} 36. Rd1 {[%clk
0:07:05]} Nb6 {[%clk 0:01:13]} 37. Rc1 {[%clk 0:07:20]} Kg6 {[%clk 0:00:50]}
38. Qc2 {[%clk 0:07:17]} h5 {[%clk 0:00:45]} 39. Kg2 {[%clk 0:07:13]} Bg4
{[%clk 0:00:55]} 40. Kh2 {[%clk 0:03:28]} Bd7 {[%clk 0:00:50]} 41. Kg2 {[%clk
0:02:17]} Kf7 {[%clk 0:20:12]} 42. f4 {[%clk 0:24:04]} exf4 {[%clk 0:16:36]}
43. gxf4 {[%clk 0:24:33]} 1/2-1/2

[Event "DVM U20w 2017"]
[Site "Düsseldorf GER"]
[Date "2017.12.30"]
[Round "7"]
[White "Gatzke, Carolin"]
[Black "Sherif, Amina"]
[Result "1/2-1/2"]
[Termination "normal"]
[Board "2.1"]
[BlackTitle "WIM"]
[WhiteElo "1787"]
[BlackElo "2041"]
[WhiteClock "00:11:48"]
[BlackClock "00:03:41"]
[WhiteTeam "Karlsruher SF"]
[BlackTeam "TuRa Harksheide Norderstedt"]
[PlyCount "71"]
[WhiteFideId "12943746"]
[BlackFideId "12911690"]
[EventCountry "GER"]
[EventRounds "7"]
[EventType "team-round robin"]
[EventDate "2017.12.26"]

1. e4 {[%clk 1:30:58]} g6 {[%clk 1:30:40]} 2. d4 {[%clk 1:31:18]} Bg7 {[%clk
1:31:05]} 3. Nc3 {[%clk 1:31:35]} c6 {[%clk 1:31:03]} 4. a4 {[%clk 1:31:02]} d5
{[%clk 1:30:14]} 5. e5 {[%clk 1:30:58]} f6 {[%clk 1:27:57]} 6. f4 {[%clk
1:29:24]} Nh6 {[%clk 1:26:56]} 7. Nf3 {[%clk 1:25:58]} O-O {[%clk 1:24:21]} 8.
Bd3 {[%clk 1:22:58]} Bg4 {[%clk 1:21:00]} 9. O-O {[%clk 1:22:15]} fxe5 {[%clk
1:05:02]} 10. fxe5 {[%clk 1:17:23]} Nf5 {[%clk 0:58:24]} 11. Bxf5 {[%clk
1:14:31]} Rxf5 {[%clk 0:57:52]} 12. h3 {[%clk 1:07:48]} Bxf3 {[%clk 0:57:08]}
13. Rxf3 {[%clk 1:08:10]} Rxf3 {[%clk 0:57:26]} 14. Qxf3 {[%clk 1:08:28]} e6
{[%clk 0:55:19]} 15. Qg4 {[%clk 1:04:37]} Qd7 {[%clk 0:53:58]} 16. Ne2 {[%clk
1:00:22]} c5 {[%clk 0:53:56]} 17. dxc5 {[%clk 0:55:47]} Nc6 {[%clk 0:49:03]}
18. Bf4 {[%clk 0:50:01]} Qe7 {[%clk 0:44:45]} 19. Kh1 {[%clk 0:47:18]} Re8
{[%clk 0:44:39]} 20. Re1 {[%clk 0:39:04]} Qxc5 {[%clk 0:42:18]} 21. Nc3 {[%clk
0:38:09]} Qb4 {[%clk 0:40:39]} 22. Qg3 {[%clk 0:34:12]} a6 {[%clk 0:34:12]} 23.
b3 {[%clk 0:32:44]} Nd4 {[%clk 0:26:53]} 24. Nxd5 {[%clk 0:26:41]} exd5 {[%clk
0:23:28]} 25. c3 {[%clk 0:26:56]} Qxb3 {[%clk 0:17:14]} 26. cxd4 {[%clk
0:27:11]} Qxa4 {[%clk 0:15:59]} 27. Qf2 {[%clk 0:26:32]} Rc8 {[%clk 0:12:16]}
28. Be3 {[%clk 0:23:49]} Qd7 {[%clk 0:10:52]} 29. Rb1 {[%clk 0:22:33]} b5
{[%clk 0:08:49]} 30. Qa2 {[%clk 0:21:25]} Qb7 {[%clk 0:07:03]} 31. Qa5 {[%clk
0:18:07]} Rb8 {[%clk 0:04:45]} 32. Ra1 {[%clk 0:14:37]} Ra8 {[%clk 0:05:10]}
33. Rc1 {[%clk 0:14:35]} Rc8 {[%clk 0:05:04]} 34. Ra1 {[%clk 0:14:02]} Ra8
{[%clk 0:03:17]} 35. Rc1 {[%clk 0:11:43]} Rc8 {[%clk 0:03:41]} 36. Ra1 {[%clk
0:11:48]} 1/2-1/2

[Event "DVM U20w 2017"]
[Site "Düsseldorf GER"]
[Date "2017.12.30"]
[Round "7"]
[White "Köhler, Inken"]
[Black "Grining, Maria"]
[Result "1-0"]
[Termination "normal"]
[Board "2.2"]
[WhiteElo "1909"]
[BlackElo "1639"]
[WhiteClock "00:14:59"]
[BlackClock "00:14:21"]
[WhiteTeam "TuRa Harksheide Norderstedt"]
[BlackTeam "Karlsruher SF"]
[PlyCount "59"]
[WhiteFideId "12929301"]
[BlackFideId "16235037"]
[EventCountry "GER"]
[EventRounds "7"]
[EventType "team-round robin"]
[EventDate "2017.12.26"]

1. c4 {[%clk 1:30:58]} Nf6 {[%clk 1:30:42]} 2. Nc3 {[%clk 1:31:08]} c5 {[%clk
1:29:23]} 3. e4 {[%clk 1:30:11]} Nc6 {[%clk 1:29:10]} 4. g3 {[%clk 1:29:57]} g6
{[%clk 1:29:13]} 5. Bg2 {[%clk 1:30:19]} Bg7 {[%clk 1:29:31]} 6. Nge2 {[%clk
1:30:30]} O-O {[%clk 1:27:38]} 7. O-O {[%clk 1:30:20]} Rb8 {[%clk 1:26:49]} 8.
Rb1 {[%clk 1:21:42]} Ne8 {[%clk 1:24:17]} 9. a3 {[%clk 1:20:37]} d6 {[%clk
1:02:50]} 10. d3 {[%clk 1:16:23]} Nc7 {[%clk 1:02:22]} 11. b4 {[%clk 1:15:16]}
Ne6 {[%clk 0:49:27]} 12. Nd5 {[%clk 1:05:27]} Ncd4 {[%clk 0:45:51]} 13. Nec3
{[%clk 0:59:35]} h6 {[%clk 0:39:22]} 14. Kh1 {[%clk 0:53:10]} Nc7 {[%clk
0:34:45]} 15. Bf4 {[%clk 0:45:24]} g5 {[%clk 0:33:22]} 16. Bd2 {[%clk 0:43:20]}
e6 {[%clk 0:29:06]} 17. Ne3 {[%clk 0:42:12]} Bd7 {[%clk 0:24:53]} 18. Qh5
{[%clk 0:38:56]} f5 {[%clk 0:22:00]} 19. exf5 {[%clk 0:34:12]} exf5 {[%clk
0:20:13]} 20. Ned5 {[%clk 0:32:57]} Be8 {[%clk 0:19:58]} 21. Qd1 {[%clk
0:32:31]} Bg6 {[%clk 0:19:05]} 22. Re1 {[%clk 0:29:42]} Re8 {[%clk 0:16:58]}
23. Rxe8+ {[%clk 0:26:43]} Nxe8 {[%clk 0:17:18]} 24. Qe1 {[%clk 0:23:59]} Nc2
{[%clk 0:13:43]} 25. Ne7+ {[%clk 0:17:20]} Kh7 {[%clk 0:14:03]} 26. Qe6 {[%clk
0:17:26]} Nf6 {[%clk 0:14:26]} 27. Ncd5 {[%clk 0:14:24]} Qf8 {[%clk 0:14:04]}
28. Nxg6 {[%clk 0:14:19]} Kxg6 {[%clk 0:14:17]} 29. Ne7+ {[%clk 0:14:38]} Kh7
{[%clk 0:14:21]} 30. Qxf5+ {[%clk 0:14:59]} 1-0

[Event "DVM U20w 2017"]
[Site "Düsseldorf GER"]
[Date "2017.12.30"]
[Round "7"]
[White "Eichhorn, Elisabeth"]
[Black "Zimmermann, Jasmin"]
[Result "0-1"]
[Termination "normal"]
[Board "2.3"]
[WhiteElo "1362"]
[BlackElo "1799"]
[WhiteClock "00:30:06"]
[BlackClock "00:22:57"]
[WhiteTeam "Karlsruher SF"]
[BlackTeam "TuRa Harksheide Norderstedt"]
[PlyCount "100"]
[WhiteFideId "16235070"]
[BlackFideId "12900400"]
[EventCountry "GER"]
[EventRounds "7"]
[EventType "team-round robin"]
[EventDate "2017.12.26"]

1. d4 {[%clk 1:30:58]} Nf6 {[%clk 1:30:52]} 2. Nf3 {[%clk 1:31:14]} d6 {[%clk
1:30:29]} 3. e3 {[%clk 1:31:06]} Nbd7 {[%clk 1:29:26]} 4. Be2 {[%clk 1:31:01]}
e5 {[%clk 1:28:57]} 5. O-O {[%clk 1:29:23]} Be7 {[%clk 1:28:56]} 6. Nbd2 {[%clk
1:28:33]} O-O {[%clk 1:26:59]} 7. c4 {[%clk 1:28:07]} c6 {[%clk 1:25:18]} 8. b3
{[%clk 1:28:01]} Qc7 {[%clk 1:23:02]} 9. Bb2 {[%clk 1:26:38]} exd4 {[%clk
1:18:52]} 10. Bxd4 {[%clk 1:24:17]} Re8 {[%clk 1:12:20]} 11. Qc2 {[%clk
1:18:21]} b6 {[%clk 1:07:35]} 12. Bd3 {[%clk 1:15:52]} h6 {[%clk 0:59:08]} 13.
Nh4 {[%clk 1:10:11]} Ne5 {[%clk 0:49:51]} 14. Bxe5 {[%clk 1:07:09]} dxe5 {[%clk
0:50:09]} 15. Nf5 {[%clk 1:04:56]} Bf8 {[%clk 0:48:51]} 16. Ng3 {[%clk
1:00:18]} Bb7 {[%clk 0:45:04]} 17. Nde4 {[%clk 0:58:27]} Nxe4 {[%clk 0:44:16]}
18. Bxe4 {[%clk 0:57:55]} g6 {[%clk 0:42:41]} 19. f3 {[%clk 0:49:50]} Bg7
{[%clk 0:40:56]} 20. Rad1 {[%clk 0:49:30]} Qe7 {[%clk 0:37:32]} 21. f4 {[%clk
0:43:04]} f5 {[%clk 0:33:21]} 22. Bd3 {[%clk 0:32:12]} e4 {[%clk 0:33:36]} 23.
Be2 {[%clk 0:32:28]} h5 {[%clk 0:28:31]} 24. Qc1 {[%clk 0:24:36]} h4 {[%clk
0:25:56]} 25. Nh1 {[%clk 0:24:45]} Bh6 {[%clk 0:21:10]} 26. g3 {[%clk 0:22:30]}
hxg3 {[%clk 0:17:07]} 27. hxg3 {[%clk 0:22:36]} Bc8 {[%clk 0:13:51]} 28. Rf2
{[%clk 0:22:34]} Be6 {[%clk 0:11:12]} 29. Rh2 {[%clk 0:21:08]} Qg7 {[%clk
0:10:04]} 30. c5 {[%clk 0:20:16]} b5 {[%clk 0:09:47]} 31. Nf2 {[%clk 0:17:25]}
g5 {[%clk 0:05:36]} 32. Rg2 {[%clk 0:16:07]} g4 {[%clk 0:05:47]} 33. Rd2 {[%clk
0:15:16]} Qe7 {[%clk 0:05:06]} 34. b4 {[%clk 0:15:09]} Bg7 {[%clk 0:05:13]} 35.
Bd1 {[%clk 0:15:01]} Rad8 {[%clk 0:04:52]} 36. Nh1 {[%clk 0:13:20]} Rxd2 {[%clk
0:04:30]} 37. Rxd2 {[%clk 0:12:30]} Rd8 {[%clk 0:04:39]} 38. Rh2 {[%clk
0:11:48]} Qd7 {[%clk 0:04:04]} 39. Bb3 {[%clk 0:09:56]} Bxb3 {[%clk 0:03:34]}
40. axb3 {[%clk 0:10:11]} Qd1+ {[%clk 0:03:23]} 41. Qxd1 {[%clk 0:10:31]} Rxd1+
{[%clk 0:03:49]} 42. Kg2 {[%clk 0:10:47]} Rd3 {[%clk 0:29:47]} 43. Rh5 {[%clk
0:41:07]} Rxe3 {[%clk 0:26:04]} 44. Rxf5 {[%clk 0:41:15]} Rxb3 {[%clk 0:25:10]}
45. Rg5 {[%clk 0:41:12]} Rxb4 {[%clk 0:24:34]} 46. Rxg4 {[%clk 0:41:27]} Rb2+
{[%clk 0:23:42]} 47. Kh3 {[%clk 0:40:03]} e3 {[%clk 0:23:34]} 48. Rg6 {[%clk
0:37:22]} e2 {[%clk 0:23:03]} 49. Re6 {[%clk 0:36:10]} Bc3 {[%clk 0:22:43]} 50.
Rxe2 {[%clk 0:30:06]} Rxe2 {[%clk 0:22:57]} 1/2-1/2

[Event "DVM U20w 2017"]
[Site "Düsseldorf GER"]
[Date "2017.12.30"]
[Round "7"]
[White "Schramm, Anna-Lena"]
[Black "Henke, Hanna"]
[Result "1-0"]
[Termination "normal"]
[Board "2.4"]
[WhiteElo "1474"]
[BlackElo "1182"]
[WhiteClock "00:47:27"]
[BlackClock "00:12:43"]
[WhiteTeam "TuRa Harksheide Norderstedt"]
[BlackTeam "Karlsruher SF"]
[PlyCount "101"]
[WhiteFideId "12918237"]
[BlackFideId "12964441"]
[EventCountry "GER"]
[EventRounds "7"]
[EventType "team-round robin"]
[EventDate "2017.12.26"]

1. c4 {[%clk 1:30:58]} e5 {[%clk 1:29:08]} 2. Nc3 {[%clk 1:31:23]} Nf6 {[%clk
1:28:03]} 3. e4 {[%clk 1:31:36]} Nc6 {[%clk 1:25:50]} 4. g3 {[%clk 1:30:04]}
Bc5 {[%clk 1:22:22]} 5. h3 {[%clk 1:29:29]} d6 {[%clk 1:18:51]} 6. Bg2 {[%clk
1:29:46]} Be6 {[%clk 1:16:35]} 7. d3 {[%clk 1:30:02]} Bb4 {[%clk 1:13:43]} 8.
Nge2 {[%clk 1:29:39]} O-O {[%clk 1:08:13]} 9. O-O {[%clk 1:29:57]} Qd7 {[%clk
1:04:43]} 10. Kh2 {[%clk 1:30:20]} h6 {[%clk 0:58:57]} 11. a3 {[%clk 1:30:25]}
Bc5 {[%clk 0:58:42]} 12. b4 {[%clk 1:30:41]} Bb6 {[%clk 0:56:49]} 13. Nd5
{[%clk 1:29:07]} Qd8 {[%clk 0:53:49]} 14. f4 {[%clk 1:19:44]} Bd4 {[%clk
0:50:52]} 15. Rb1 {[%clk 1:18:33]} Bxd5 {[%clk 0:45:22]} 16. exd5 {[%clk
1:18:50]} Ne7 {[%clk 0:44:56]} 17. f5 {[%clk 1:13:28]} Qd7 {[%clk 0:38:47]} 18.
g4 {[%clk 1:09:24]} Nh7 {[%clk 0:28:00]} 19. Nxd4 {[%clk 1:03:55]} exd4 {[%clk
0:27:48]} 20. f6 {[%clk 1:04:08]} Nxf6 {[%clk 0:26:25]} 21. Bxh6 {[%clk
1:04:33]} gxh6 {[%clk 0:25:34]} 22. Rxf6 {[%clk 1:04:58]} Kg7 {[%clk 0:22:42]}
23. Qf3 {[%clk 0:53:59]} Ng6 {[%clk 0:19:43]} 24. Qf2 {[%clk 0:52:07]} Qe7
{[%clk 0:17:29]} 25. Rf3 {[%clk 0:49:12]} Ne5 {[%clk 0:15:23]} 26. Qxd4 {[%clk
0:49:04]} Kg8 {[%clk 0:11:42]} 27. Re3 {[%clk 0:48:44]} f6 {[%clk 0:09:44]} 28.
Qf4 {[%clk 0:44:13]} Qg7 {[%clk 0:09:14]} 29. Be4 {[%clk 0:39:23]} Qg5 {[%clk
0:07:33]} 30. Qg3 {[%clk 0:37:05]} Rae8 {[%clk 0:07:12]} 31. Rbe1 {[%clk
0:35:33]} Qg7 {[%clk 0:05:50]} 32. Bf5 {[%clk 0:35:26]} Qf7 {[%clk 0:05:43]}
33. Be6 {[%clk 0:34:23]} Rxe6 34. dxe6 {[%clk 0:34:48]} Qg7 {[%clk 0:05:04]}
35. Qg2 {[%clk 0:27:04]} b6 {[%clk 0:04:57]} 36. Qd5 {[%clk 0:26:28]} Re8
{[%clk 0:04:56]} 37. d4 {[%clk 0:25:52]} Ng6 {[%clk 0:05:10]} 38. Qc6 {[%clk
0:25:40]} Qf8 {[%clk 0:03:39]} 39. Qxc7 {[%clk 0:21:41]} Re7 {[%clk 0:03:27]}
40. Qxd6 {[%clk 0:21:38]} Qe8 {[%clk 0:02:14]} 41. d5 {[%clk 0:20:53]} Kg7
{[%clk 0:25:58]} 42. b5 {[%clk 0:51:00]} Ne5 {[%clk 0:23:07]} 43. Rxe5 {[%clk
0:47:05]} fxe5 {[%clk 0:23:25]} 44. Qxe5+ {[%clk 0:47:31]} Kg8 {[%clk 0:22:40]}
45. d6 {[%clk 0:47:45]} Rg7 {[%clk 0:14:49]} 46. d7 {[%clk 0:47:30]} Qf8 {[%clk
0:14:41]} 47. Qf5 {[%clk 0:46:55]} Qd8 {[%clk 0:14:07]} 48. e7 {[%clk 0:46:13]}
Rxe7 {[%clk 0:13:49]} 49. Qg6+ {[%clk 0:46:38]} Rg7 {[%clk 0:12:30]} 50. Re8+
{[%clk 0:47:04]} Qxe8 {[%clk 0:12:43]} 51. dxe8=Q# {[%clk 0:47:27]} 1-0

[Event "DVM U20w 2017"]
[Site "Düsseldorf GER"]
[Date "2017.12.30"]
[Round "7"]
[White "Wolff, Marie Antoinette"]
[Black "Schneider, Jana"]
[Result "0-1"]
[Termination "normal"]
[Board "3.1"]
[BlackTitle "FM"]
[WhiteElo "1744"]
[BlackElo "2222"]
[WhiteTeam "Leegebrucher SF"]
[BlackTeam "Spvgg 1946 Stetten"]
[PlyCount "72"]
[WhiteFideId "12908258"]
[BlackFideId "12924997"]
[EventCountry "GER"]
[EventRounds "7"]
[EventType "team-round robin"]
[EventDate "2017.12.26"]

1. d4 Nf6 2. c4 e6 3. Nc3 Bb4 4. e3 O-O 5. a3 Bxc3+ 6. bxc3 d5 7. Nf3 Nbd7 8.
Qc2 Re8 9. Bd3 b6 10. O-O Bb7 11. Ne5 Nxe5 12. dxe5 dxc4 13. Bxc4 Ng4 14. f4
Qh4 15. h3 Nxe5 16. Bb3 Nd7 17. f5 Be4 18. Qa2 Nc5 19. Bc4 Rad8 20. Bd2 Bc6 21.
Rf4 Qg3 22. Rg4 Qe5 23. Rf1 Ne4 24. Bc1 Nxc3 25. Qb3 Ba4 26. Qb2 b5 27. fxe6
fxe6 28. Ba2 Bd1 29. Rd4 Ne2+ 30. Kh1 Ng3+ 31. Kg1 Nxf1 32. Rxd8 Qh2+ 33. Kxf1
Rxd8 34. Bxe6+ Kh8 35. e4 Bf3 36. Bb3 Bxg2+ 0-1

[Event "DVM U20w 2017"]
[Site "Düsseldorf GER"]
[Date "2017.12.30"]
[Round "7"]
[White "Siegl, Melina"]
[Black "Schiewe, Nadin"]
[Result "0-1"]
[Termination "normal"]
[Board "3.2"]
[WhiteElo "2023"]
[BlackElo "1498"]
[WhiteTeam "Spvgg 1946 Stetten"]
[BlackTeam "Leegebrucher SF"]
[PlyCount "58"]
[WhiteFideId "1272126"]
[BlackFideId "16209079"]
[EventCountry "GER"]
[EventRounds "7"]
[EventType "team-round robin"]
[EventDate "2017.12.26"]

1. e4 d5 2. exd5 Qxd5 3. Nc3 Qa5 4. Bc4 Nf6 5. d3 c6 6. Bd2 Qc7 7. Qe2 Bf5 8.
Nf3 e6 9. O-O-O Nbd7 10. Nd4 Bg6 11. Rde1 O-O-O 12. Be3 Bb4 13. Ndb5 cxb5 14.
Nxb5 Qa5 15. c3 Be7 16. Nxa7+ Kb8 17. Nb5 Nd5 18. Bd4 Bf6 19. Ba7+ Kc8 20. f3
N7b6 21. Qf2 Bg5+ 22. Kb1 Be7 23. b4 Nxc3+ 24. Kc2 Qxb4 25. Bxb6 Nxb5 26. Rc1
Rd7 27. Kd1 Kb8 28. Qc2 Na3 29. Qb3 Nxc4 0-1

[Event "DVM U20w 2017"]
[Site "Düsseldorf GER"]
[Date "2017.12.30"]
[Round "7"]
[White "Jacoby, Angelina"]
[Black "Mehling, Katharina"]
[Result "1/2-1/2"]
[Termination "normal"]
[Board "3.3"]
[WhiteElo "1167"]
[BlackElo "1914"]
[WhiteTeam "Leegebrucher SF"]
[BlackTeam "Spvgg 1946 Stetten"]
[PlyCount "62"]
[WhiteFideId "12999008"]
[BlackFideId "12900362"]
[EventCountry "GER"]
[EventRounds "7"]
[EventType "team-round robin"]
[EventDate "2017.12.26"]

1. d4 Nf6 2. Nf3 g6 3. e3 Bg7 4. Bd3 d6 5. Nbd2 O-O 6. O-O Nc6 7. c3 Nd7 8. e4
e5 9. d5 Ne7 10. Nb3 h6 11. Ne1 a5 12. a4 f5 13. f3 f4 14. Bd2 Nf6 15. Nc2 g5
16. Be1 Qe8 17. Nd2 h5 18. Kf2 Qg6 19. Ke2 Bd7 20. c4 Qe8 21. b3 Ng6 22. Na3
Qc8 23. Rc1 g4 24. Rg1 Kf7 25. Bf2 b6 26. Nb5 Rh8 27. Bxb6 Ne8 28. Bxc7 Bf8 29.
Bb6 g3 30. hxg3 fxg3 31. Be3 Nf4+ 1/2-1/2